000 00501nam a2200169Ia 4500
999 _c12427
_d12427
003 OSt
005 20201104120204.0
008 190216s9999||||xx |||||||||||||| ||und||
040 _coclc
082 _a823.912
_bGRE/P
100 _aGreene, Graham
_94790
245 4 _aThe Power And The Glory /
_cGraham Greene
260 _bHeinemann Educational Books Ltd,
_c1968.
_aLondon:
300 _a228p
650 _aEnglish Stories
942 _cBK
_2ddc
_h823.912
_iGRE/P
_k823.912
_mGRE/P